[Event "Najdorf Memorial"]
[Site "Warsaw POL"]
[Date "2021.07.16"]
[Round "7.25"]
[White "Kaczmarek, Arkadiusz"]
[Black "Luberanski, Jakub"]
[Result "1-0"]
[WhiteElo "2147"]
[BlackElo "2274"]
[EventDate "2021.07.10"]
[PlyCount "99"]
[LiveChessVersion "1.4.8"]

1.d4 {[%clk 1:30:56]} 1...Nf6 {[%clk 1:30:57]} 2.c4 {[%clk 1:31:06]} 2...g6
{[%clk 1:31:10]} 3.Nc3 {[%clk 1:31:11]} 3...d5 {[%clk 1:31:37]} 4.cxd5 {[%clk
1:31:18]} 4...Nxd5 {[%clk 1:32:03]} 5.e4 {[%clk 1:31:22]} 5...Nxc3 {[%clk
1:32:26]} 6.bxc3 {[%clk 1:31:39]} 6...Bg7 {[%clk 1:32:46]} 7.Bc4 {[%clk
1:31:47]} 7...c5 {[%clk 1:32:59]} 8.Ne2 {[%clk 1:31:56]} 8...Nc6 {[%clk
1:32:48]} 9.Be3 {[%clk 1:31:57]} 9...O-O {[%clk 1:33:12]} 10.O-O {[%clk
1:31:57]} 10...Bd7 {[%clk 1:32:43]} 11.Rc1 {[%clk 1:17:33]} 11...Rc8 {[%clk
1:31:16]} 12.h4 {[%clk 1:03:17]} 12...Qa5 {[%clk 1:10:45]} 13.e5 {[%clk
0:48:37]} 13...e6 {[%clk 1:02:14]} 14.h5 {[%clk 0:35:21]} 14...Rfe8 {[%clk
0:54:49]} 15.Ng3 {[%clk 0:35:01]} 15...cxd4 {[%clk 0:54:19]} 16.cxd4 {[%clk
0:35:05]} 16...Ne7 {[%clk 0:41:30]} 17.h6 {[%clk 0:30:30]} 17...Bh8 {[%clk
0:41:18]} 18.Ne4 {[%clk 0:30:39]} 18...b5 {[%clk 0:35:51]} 19.Bb3 {[%clk
0:28:46]} 19...Rxc1 {[%clk 0:36:13]} 20.Bxc1 {[%clk 0:28:38]} 20...Bc6 {[%clk
0:29:27]} 21.Nd6 {[%clk 0:28:13]} 21...Rf8 {[%clk 0:29:48]} 22.Bg5 {[%clk
0:25:56]} 22...Nd5 {[%clk 0:26:03]} 23.Qg4 {[%clk 0:18:42]} 23...b4 {[%clk
0:22:45]} 24.Rc1 {[%clk 0:18:24]} 24...Ba8 {[%clk 0:21:01]} 25.Bxd5 {[%clk
0:14:42]} 25...Qxd5 {[%clk 0:21:03]} 26.Nc8 {[%clk 0:14:50]} 26...f5 {[%clk
0:19:37]} 27.Ne7+ {[%clk 0:08:56]} 27...Kf7 {[%clk 0:20:04]} 28.Nxd5 {[%clk
0:09:14]} 28...fxg4 {[%clk 0:20:30]} 29.Rc7+ {[%clk 0:09:30]} 29...Kg8 {[%clk
0:20:46]} 30.Nf6+ {[%clk 0:09:06]} 30...Bxf6 {[%clk 0:20:56]} 31.Bxf6 {[%clk
0:09:19]} 31...Rf7 {[%clk 0:20:28]} 32.Be7 {[%clk 0:08:34]} 32...Rf4 {[%clk
0:18:43]} 33.Bxb4 {[%clk 0:05:57]} 33...g5 {[%clk 0:18:09]} 34.Rc8+ {[%clk
0:05:02]} 34...Kf7 {[%clk 0:18:36]} 35.Rxa8 {[%clk 0:05:12]} 35...Rxd4 {[%clk
0:19:02]} 36.Rxa7+ {[%clk 0:04:52]} 36...Kg6 {[%clk 0:19:29]} 37.Bd6 {[%clk
0:04:26]} 37...Kxh6 {[%clk 0:19:45]} 38.Rf7 {[%clk 0:04:30]} 38...Rd2 {[%clk
0:19:15]} 39.Bf8+ {[%clk 0:03:55]} 39...Kh5 {[%clk 0:19:39]} 40.Rxh7+ {[%clk
0:33:54]} 40...Kg6 {[%clk 0:50:06]} 41.Ra7 {[%clk 0:33:26]} 41...Kf5 {[%clk
0:50:30]} 42.Bd6 {[%clk 0:33:32]} 42...g3 {[%clk 0:50:33]} 43.fxg3 {[%clk
0:33:18]} 43...Kg4 {[%clk 0:50:59]} 44.Kh2 {[%clk 0:33:19]} 44...Rd4 {[%clk
0:50:58]} 45.Rf7 {[%clk 0:32:17]} 45...Ra4 {[%clk 0:51:14]} 46.a3 {[%clk
0:32:29]} 46...Ra8 {[%clk 0:51:25]} 47.Rf3 {[%clk 0:30:20]} 47...Rh8+ {[%clk
0:51:26]} 48.Kg1 {[%clk 0:30:47]} 48...Rc8 {[%clk 0:51:49]} 49.a4 {[%clk
0:30:39]} 49...Ra8 {[%clk 0:52:14]} 50.Ra3 {[%clk 0:30:42]} 1-0

[Event "Najdorf Memorial"]
[Site "Warsaw POL"]
[Date "2021.07.16"]
[Round "7.26"]
[White "Grzesik, Gracjan"]
[Black "Bus, Konrad"]
[Result "0-1"]
[WhiteElo "2063"]
[BlackElo "2266"]
[EventDate "2021.07.10"]
[PlyCount "88"]
[LiveChessVersion "1.4.8"]

1.c4 {[%clk 1:30:57]} 1...e6 {[%clk 1:30:47]} 2.Nc3 {[%clk 1:31:18]} 2...Nf6
{[%clk 1:31:04]} 3.e4 {[%clk 1:31:43]} 3...c5 {[%clk 1:31:24]} 4.Nf3 {[%clk
1:22:15]} 4...Nc6 {[%clk 1:31:21]} 5.a3 {[%clk 1:17:34]} 5...d5 {[%clk 1:29:48]}
6.exd5 {[%clk 1:03:24]} 6...exd5 {[%clk 1:30:01]} 7.d4 {[%clk 1:01:45]} 7...Be6
{[%clk 1:19:51]} 8.Bg5 {[%clk 0:43:31]} 8...Be7 {[%clk 1:13:06]} 9.dxc5 {[%clk
0:30:40]} 9...dxc4 {[%clk 1:08:26]} 10.Qa4 {[%clk 0:29:17]} 10...Qa5 {[%clk
1:04:27]} 11.Qxa5 {[%clk 0:22:43]} 11...Nxa5 {[%clk 1:04:11]} 12.Nd4 {[%clk
0:16:49]} 12...Bxc5 {[%clk 1:00:36]} 13.Nxe6 {[%clk 0:14:14]} 13...fxe6 {[%clk
0:58:46]} 14.Rd1 {[%clk 0:14:18]} 14...O-O {[%clk 0:45:32]} 15.Be2 {[%clk
0:11:16]} 15...Bxf2+ {[%clk 0:36:58]} 16.Kxf2 {[%clk 0:11:37]} 16...Ne4+ {[%clk
0:37:19]} 17.Ke3 {[%clk 0:11:45]} 17...Nxg5 {[%clk 0:37:45]} 18.Rd7 {[%clk
0:07:40]} 18...Nf7 {[%clk 0:32:58]} 19.Rhd1 {[%clk 0:05:27]} 19...Rfd8 {[%clk
0:29:55]} 20.Nb5 {[%clk 0:00:56]} 20...a6 {[%clk 0:23:18]} 21.Nc7 {[%clk
0:00:48]} 21...Rxd7 {[%clk 0:22:49]} 22.Rxd7 {[%clk 0:01:16]} 22...Rd8 {[%clk
0:22:15]} 23.Rxd8+ {[%clk 0:00:40]} 23...Nxd8 {[%clk 0:22:37]} 24.Kd4 {[%clk
0:00:41]} 24...Kf7 {[%clk 0:20:56]} 25.Kc5 {[%clk 0:00:34]} 25...Ke7 {[%clk
0:19:07]} 26.Kb6 {[%clk 0:00:42]} 26...Nac6 {[%clk 0:16:17]} 27.Bxc4 {[%clk
0:00:34]} 27...Ne5 {[%clk 0:16:24]} 28.Be2 {[%clk 0:00:32]} 28...Kd7 {[%clk
0:14:47]} 29.b4 {[%clk 0:00:36]} 29...Kc8 {[%clk 0:14:16]} 30.Ne8 {[%clk
0:00:33]} 30...Nd7+ {[%clk 0:14:03]} 31.Ka5 {[%clk 0:00:54]} 31...Nc6+ {[%clk
0:14:19]} 32.Ka4 {[%clk 0:01:08]} 32...Nb6+ {[%clk 0:14:42]} 33.Kb3 {[%clk
0:01:28]} 33...Nd4+ {[%clk 0:15:07]} 34.Kc3 {[%clk 0:01:09]} 34...Nxe2+ {[%clk
0:15:32]} 35.Kd2 {[%clk 0:01:32]} 35...Nf4 {[%clk 0:15:26]} 36.Nxg7 {[%clk
0:01:45]} 36...Kd7 {[%clk 0:14:52]} 37.g3 {[%clk 0:02:07]} 37...Ng6 {[%clk
0:14:47]} 38.Kc3 {[%clk 0:02:08]} 38...e5 {[%clk 0:14:12]} 39.h4 {[%clk
0:02:22]} 39...Nd5+ {[%clk 0:13:05]} 40.Kd3 {[%clk 0:32:26]} 40...Nf6 {[%clk
0:43:01]} 41.h5 {[%clk 0:32:22]} 41...Ne7 {[%clk 0:42:35]} 42.h6 {[%clk
0:32:21]} 42...Kd6 {[%clk 0:39:52]} 43.Kc4 {[%clk 0:32:10]} 43...b5+ {[%clk
0:39:41]} 44.Kd3 {[%clk 0:32:36]} 44...Kd5 {[%clk 0:39:53]} 0-1

[Event "Najdorf Memorial"]
[Site "Warsaw POL"]
[Date "2021.07.16"]
[Round "7.27"]
[White "Zochowski, Kacper"]
[Black "Kacprzak, Kacper"]
[Result "1-0"]
[WhiteElo "2262"]
[BlackElo "2075"]
[EventDate "2021.07.10"]
[PlyCount "75"]
[LiveChessVersion "1.4.8"]

1.c4 {[%clk 1:19:13]} 1...c5 {[%clk 1:30:36]} 2.g3 {[%clk 1:19:22]} 2...Nc6
{[%clk 1:30:58]} 3.Bg2 {[%clk 1:19:46]} 3...g6 {[%clk 1:31:23]} 4.Nf3 {[%clk
1:19:18]} 4...Bg7 {[%clk 1:31:48]} 5.Nc3 {[%clk 1:19:43]} 5...e6 {[%clk
1:31:53]} 6.d3 {[%clk 1:20:00]} 6...Nge7 {[%clk 1:31:46]} 7.Bg5 {[%clk 1:20:16]}
7...h6 {[%clk 1:29:21]} 8.Bd2 {[%clk 1:18:34]} 8...O-O {[%clk 1:27:15]} 9.O-O
{[%clk 1:18:52]} 9...d5 {[%clk 1:23:35]} 10.Qc1 {[%clk 1:17:25]} 10...Kh7
{[%clk 1:22:12]} 11.Rb1 {[%clk 1:10:43]} 11...b6 {[%clk 1:18:48]} 12.a3 {[%clk
1:09:28]} 12...Bb7 {[%clk 1:03:42]} 13.b4 {[%clk 1:06:48]} 13...cxb4 {[%clk
0:53:47]} 14.axb4 {[%clk 1:06:23]} 14...a6 {[%clk 0:47:33]} 15.cxd5 {[%clk
0:51:05]} 15...exd5 {[%clk 0:43:57]} 16.b5 {[%clk 0:48:06]} 16...axb5 {[%clk
0:43:44]} 17.Nxb5 {[%clk 0:43:35]} 17...Qd7 {[%clk 0:40:26]} 18.h4 {[%clk
0:19:54]} 18...Rfc8 {[%clk 0:35:29]} 19.Qe1 {[%clk 0:19:31]} 19...d4 {[%clk
0:32:36]} 20.Kh2 {[%clk 0:18:57]} 20...Nd5 {[%clk 0:28:26]} 21.Bh3 {[%clk
0:18:04]} 21...f5 {[%clk 0:28:48]} 22.h5 {[%clk 0:17:26]} 22...g5 {[%clk
0:28:19]} 23.Bg2 {[%clk 0:11:21]} 23...Bf6 {[%clk 0:24:13]} 24.e4 {[%clk
0:09:27]} 24...dxe3 {[%clk 0:23:33]} 25.fxe3 {[%clk 0:09:36]} 25...Re8 {[%clk
0:21:32]} 26.e4 {[%clk 0:09:22]} 26...Nc7 {[%clk 0:14:44]} 27.Nxc7 {[%clk
0:08:25]} 27...Qxc7 {[%clk 0:15:10]} 28.Qf2 {[%clk 0:08:33]} 28...Qf7 {[%clk
0:13:48]} 29.Rxb6 {[%clk 0:07:33]} 29...Qxh5+ {[%clk 0:13:52]} 30.Kg1 {[%clk
0:07:45]} 30...Re7 {[%clk 0:12:46]} 31.Rfb1 {[%clk 0:07:53]} 31...Qf7 {[%clk
0:10:20]} 32.e5 {[%clk 0:07:28]} 32...Bg7 {[%clk 0:10:09]} 33.Bxg5 {[%clk
0:06:58]} 33...Ra2 {[%clk 0:09:29]} 34.Bd2 {[%clk 0:07:01]} 34...Ba8 {[%clk
0:08:14]} 35.d4 {[%clk 0:06:46]} 35...Qc4 {[%clk 0:07:02]} 36.Rc1 {[%clk
0:06:44]} 36...Rc2 {[%clk 0:07:26]} 37.Rxc2 {[%clk 0:06:39]} 37...Qxc2 {[%clk
0:07:52]} 38.Ne1 {[%clk 0:05:26]} 1-0

[Event "Najdorf Memorial"]
[Site "Warsaw POL"]
[Date "2021.07.16"]
[Round "7.28"]
[White "Bednarczyk, Damian"]
[Black "Klim, Filip"]
[Result "1-0"]
[WhiteElo "2247"]
[BlackElo "2062"]
[EventDate "2021.07.10"]
[PlyCount "71"]
[LiveChessVersion "1.4.8"]

1.e4 {[%clk 1:15:31]} 1...c5 {[%clk 1:30:40]} 2.Nf3 {[%clk 1:15:49]} 2...d6
{[%clk 1:31:02]} 3.d4 {[%clk 1:13:45]} 3...cxd4 {[%clk 1:31:25]} 4.Qxd4 {[%clk
1:14:02]} 4...Nf6 {[%clk 1:31:23]} 5.Nc3 {[%clk 1:12:50]} 5...Nc6 {[%clk
1:27:39]} 6.Bb5 {[%clk 1:12:50]} 6...Bd7 {[%clk 1:27:01]} 7.Bxc6 {[%clk
1:10:39]} 7...Bxc6 {[%clk 1:26:43]} 8.Bg5 {[%clk 1:10:45]} 8...e6 {[%clk
1:21:30]} 9.O-O-O {[%clk 1:06:43]} 9...Be7 {[%clk 1:17:24]} 10.Rhe1 {[%clk
1:05:02]} 10...O-O {[%clk 1:10:26]} 11.Kb1 {[%clk 0:50:11]} 11...Qa5 {[%clk
1:04:24]} 12.Qd2 {[%clk 0:39:49]} 12...Rfd8 {[%clk 0:55:07]} 13.Nd4 {[%clk
0:24:21]} 13...Qc7 {[%clk 0:38:15]} 14.f3 {[%clk 0:19:15]} 14...h6 {[%clk
0:33:45]} 15.Be3 {[%clk 0:16:01]} 15...d5 {[%clk 0:33:21]} 16.Bf4 {[%clk
0:09:20]} 16...Qb6 {[%clk 0:21:20]} 17.e5 {[%clk 0:08:32]} 17...Nd7 {[%clk
0:20:31]} 18.Nb3 {[%clk 0:04:22]} 18...Nc5 {[%clk 0:19:05]} 19.Be3 {[%clk
0:03:45]} 19...Nxb3 {[%clk 0:18:49]} 20.cxb3 {[%clk 0:02:32]} 20...Qa5 {[%clk
0:14:06]} 21.Bd4 {[%clk 0:01:57]} 21...Bb4 {[%clk 0:07:44]} 22.f4 {[%clk
0:01:20]} 22...Bxc3 {[%clk 0:07:03]} 23.Bxc3 {[%clk 0:01:48]} 23...Qc7 {[%clk
0:07:01]} 24.Bd4 {[%clk 0:02:05]} 24...a5 {[%clk 0:06:47]} 25.Rc1 {[%clk
0:01:40]} 25...a4 {[%clk 0:05:59]} 26.b4 {[%clk 0:01:53]} 26...Qd7 {[%clk
0:06:15]} 27.Rc3 {[%clk 0:01:51]} 27...Kh7 {[%clk 0:04:21]} 28.g4 {[%clk
0:01:17]} 28...g6 {[%clk 0:04:09]} 29.Rh3 {[%clk 0:01:22]} 29...Rg8 {[%clk
0:03:31]} 30.Ree3 {[%clk 0:00:55]} 30...Bb5 {[%clk 0:02:19]} 31.f5 {[%clk
0:01:02]} 31...gxf5 {[%clk 0:01:12]} 32.Rxh6+ {[%clk 0:01:07]} 32...Kg7 {[%clk
0:01:38]} 33.Bc5 {[%clk 0:01:10]} 33...Rh8 {[%clk 0:00:54]} 34.Reh3 {[%clk
0:01:27]} 34...Bd3+ {[%clk 0:01:07]} 35.Ka1 {[%clk 0:01:37]} 35...fxg4 {[%clk
0:00:59]} 36.Qg5+ {[%clk 0:01:57]} 1-0

[Event "Najdorf Memorial"]
[Site "Warsaw POL"]
[Date "2021.07.16"]
[Round "7.29"]
[White "Janeczko, Jakub"]
[Black "Redzisz, Michal"]
[Result "1/2-1/2"]
[WhiteElo "1976"]
[BlackElo "2246"]
[EventDate "2021.07.10"]
[PlyCount "62"]
[LiveChessVersion "1.4.8"]

1.Nf3 {[%clk 1:30:56]} 1...Nf6 {[%clk 1:27:39]} 2.b3 {[%clk 1:31:00]} 2...a5
{[%clk 1:28:03]} 3.Bb2 {[%clk 1:20:01]} 3...g6 {[%clk 1:28:30]} 4.g3 {[%clk
1:19:31]} 4...Bg7 {[%clk 1:28:55]} 5.Bg2 {[%clk 1:19:21]} 5...O-O {[%clk
1:29:22]} 6.O-O {[%clk 1:18:38]} 6...d5 {[%clk 1:20:33]} 7.c4 {[%clk 1:10:01]}
7...c6 {[%clk 1:21:00]} 8.d4 {[%clk 1:08:00]} 8...a4 {[%clk 1:21:28]} 9.c5
{[%clk 0:53:27]} 9...axb3 {[%clk 1:07:06]} 10.axb3 {[%clk 0:46:17]} 10...Rxa1
{[%clk 1:07:34]} 11.Bxa1 {[%clk 0:46:45]} 11...b6 {[%clk 0:59:03]} 12.Nc3
{[%clk 0:34:25]} 12...bxc5 {[%clk 0:40:31]} 13.dxc5 {[%clk 0:34:25]} 13...Qa5
{[%clk 0:41:00]} 14.Na4 {[%clk 0:32:56]} 14...Nfd7 {[%clk 0:39:35]} 15.Bxg7
{[%clk 0:29:58]} 15...Kxg7 {[%clk 0:40:03]} 16.e4 {[%clk 0:27:56]} 16...dxe4
{[%clk 0:39:04]} 17.Ng5 {[%clk 0:27:38]} 17...Ba6 {[%clk 0:38:08]} 18.Re1
{[%clk 0:25:38]} 18...Nxc5 {[%clk 0:38:01]} 19.Qd4+ {[%clk 0:18:33]} 19...Kg8
{[%clk 0:38:26]} 20.b4 {[%clk 0:18:34]} 20...Nb3 {[%clk 0:35:16]} 21.bxa5
{[%clk 0:16:46]} 21...Nxd4 {[%clk 0:35:43]} 22.Nxe4 {[%clk 0:14:34]} 22...Bb5
{[%clk 0:28:18]} 23.Nec5 {[%clk 0:13:40]} 23...Rd8 {[%clk 0:27:16]} 24.Nc3
{[%clk 0:12:49]} 24...Na6 {[%clk 0:21:38]} 25.Nxb5 {[%clk 0:10:21]} 25...Nxc5
{[%clk 0:22:05]} 26.Nxd4 {[%clk 0:10:42]} 26...Rxd4 {[%clk 0:22:32]} 27.Rxe7
{[%clk 0:08:44]} 27...Ra4 {[%clk 0:15:27]} 28.Bxc6 {[%clk 0:08:27]} 28...Rxa5
{[%clk 0:15:54]} 29.Bd5 {[%clk 0:07:48]} 29...Ne6 {[%clk 0:15:53]} 30.Bxe6
{[%clk 0:08:07]} 30...fxe6 {[%clk 0:16:21]} 31.Rxe6 {[%clk 0:08:31]} 31...Ra7
{[%clk 0:16:41]} 1/2-1/2

[Event "Najdorf Memorial"]
[Site "Warsaw POL"]
[Date "2021.07.16"]
[Round "7.31"]
[White "Paprocki, Jaroslaw"]
[Black "Jakubowska, Anna"]
[Result "1-0"]
[WhiteElo "2231"]
[BlackElo "2073"]
[EventDate "2021.07.10"]
[PlyCount "95"]
[LiveChessVersion "1.4.8"]

1.e4 {[%clk 1:20:49]} 1...c6 {[%clk 1:30:53]} 2.d4 {[%clk 1:20:59]} 2...d5
{[%clk 1:31:16]} 3.Nc3 {[%clk 1:21:16]} 3...dxe4 {[%clk 1:31:36]} 4.Nxe4 {[%clk
1:21:38]} 4...Nf6 {[%clk 1:32:01]} 5.Nxf6+ {[%clk 1:22:02]} 5...exf6 {[%clk
1:32:26]} 6.c3 {[%clk 1:22:08]} 6...Bd6 {[%clk 1:32:45]} 7.Bd3 {[%clk 1:22:28]}
7...O-O {[%clk 1:33:03]} 8.Ne2 {[%clk 1:22:48]} 8...Re8 {[%clk 1:33:16]} 9.O-O
{[%clk 1:20:55]} 9...Nd7 {[%clk 1:33:34]} 10.Bf4 {[%clk 1:18:39]} 10...Nf8
{[%clk 1:33:16]} 11.Bxd6 {[%clk 1:18:45]} 11...Qxd6 {[%clk 1:33:41]} 12.h3
{[%clk 1:19:02]} 12...f5 {[%clk 1:29:37]} 13.Ng3 {[%clk 1:15:20]} 13...g6
{[%clk 1:28:06]} 14.Qd2 {[%clk 1:14:43]} 14...Be6 {[%clk 1:21:37]} 15.Qh6
{[%clk 1:10:03]} 15...Rad8 {[%clk 1:17:29]} 16.Rfd1 {[%clk 1:09:07]} 16...Bd5
{[%clk 1:08:02]} 17.Ne2 {[%clk 0:59:03]} 17...Ne6 {[%clk 0:51:15]} 18.f3 {[%clk
0:43:46]} 18...Ng7 {[%clk 0:48:12]} 19.Qh4 {[%clk 0:33:09]} 19...f6 {[%clk
0:45:36]} 20.Qf2 {[%clk 0:29:22]} 20...f4 {[%clk 0:41:42]} 21.c4 {[%clk
0:26:05]} 21...Bf7 {[%clk 0:42:04]} 22.d5 {[%clk 0:24:33]} 22...cxd5 {[%clk
0:34:03]} 23.cxd5 {[%clk 0:22:32]} 23...Qxd5 {[%clk 0:29:26]} 24.Qxa7 {[%clk
0:17:01]} 24...Qe5 {[%clk 0:16:11]} 25.Nc3 {[%clk 0:15:54]} 25...Nh5 {[%clk
0:14:57]} 26.Bb5 Rxd1+ 27.Rxd1 {[%clk 0:16:13]} 27...Re7 {[%clk 0:15:20]}
28.Qd4 {[%clk 0:12:35]} 28...Qxd4+ {[%clk 0:11:48]} 29.Rxd4 {[%clk 0:13:02]}
29...g5 {[%clk 0:11:11]} 30.a4 {[%clk 0:12:25]} 30...Ng3 {[%clk 0:10:45]}
31.Rd8+ {[%clk 0:11:13]} 31...Kg7 {[%clk 0:11:12]} 32.Rd7 {[%clk 0:11:39]}
32...Kf8 {[%clk 0:09:48]} 33.Rd8+ {[%clk 0:11:54]} 33...Kg7 {[%clk 0:10:14]}
34.Rd7 {[%clk 0:12:21]} 34...Kf8 {[%clk 0:10:40]} 35.a5 {[%clk 0:10:24]}
35...Re1+ {[%clk 0:08:07]} 36.Kf2 {[%clk 0:10:30]} 36...Ra1 {[%clk 0:08:35]}
37.b4 {[%clk 0:08:32]} 37...Rc1 {[%clk 0:06:49]} 38.Ne4 {[%clk 0:01:02]}
38...Bc4 {[%clk 0:07:15]} 39.Bxc4 {[%clk 0:01:11]} 39...Rxc4 {[%clk 0:07:41]}
40.Rxb7 {[%clk 0:30:44]} 40...Rc2+ {[%clk 0:36:09]} 41.Ke1 {[%clk 0:30:50]}
41...Re2+ {[%clk 0:35:15]} 42.Kd1 {[%clk 0:31:11]} 42...Rxg2 {[%clk 0:35:42]}
43.Nxf6 {[%clk 0:30:59]} 43...Ra2 {[%clk 0:34:57]} 44.Nxh7+ {[%clk 0:31:00]}
44...Ke8 {[%clk 0:35:05]} 45.Nxg5 {[%clk 0:31:03]} 45...Nf5 {[%clk 0:34:59]}
46.Ne6 {[%clk 0:27:41]} 46...Ne3+ {[%clk 0:31:40]} 47.Kc1 {[%clk 0:27:19]}
47...Nd1 {[%clk 0:27:16]} 48.Ng7+ {[%clk 0:27:24]} 1-0

[Event "Najdorf Memorial"]
[Site "Warsaw POL"]
[Date "2021.07.16"]
[Round "7.32"]
[White "Kubicka, Anna"]
[Black "Dalkowski, Rafal"]
[Result "1-0"]
[WhiteElo "2210"]
[BlackElo "1980"]
[EventDate "2021.07.10"]
[PlyCount "59"]
[LiveChessVersion "1.4.8"]

1.e4 {[%clk 1:30:30]} 1...c5 {[%clk 1:30:54]} 2.Nf3 {[%clk 1:30:54]} 2...g6
{[%clk 1:31:16]} 3.d4 {[%clk 1:31:21]} 3...cxd4 {[%clk 1:31:40]} 4.Qxd4 {[%clk
1:31:47]} 4...Nf6 {[%clk 1:32:02]} 5.Nc3 {[%clk 1:32:13]} 5...d6 {[%clk
1:31:12]} 6.e5 {[%clk 1:31:55]} 6...Nc6 {[%clk 1:31:10]} 7.Bb5 {[%clk 1:29:55]}
7...dxe5 {[%clk 1:28:02]} 8.Qxd8+ {[%clk 1:29:14]} 8...Kxd8 {[%clk 1:28:28]}
9.Bxc6 {[%clk 1:29:40]} 9...bxc6 {[%clk 1:28:52]} 10.Nxe5 {[%clk 1:30:03]}
10...Ke8 {[%clk 1:27:37]} 11.O-O {[%clk 1:24:24]} 11...Bb7 {[%clk 1:25:21]}
12.Na4 {[%clk 1:08:50]} 12...e6 {[%clk 1:16:35]} 13.Be3 {[%clk 1:05:58]}
13...Nd5 {[%clk 1:06:51]} 14.Bc5 f6 {[%clk 0:55:09]} 15.Bxf8 {[%clk 0:50:30]}
15...Rxf8 {[%clk 0:47:39]} 16.Nc5 {[%clk 0:49:30]} 16...fxe5 {[%clk 0:36:48]}
17.Nxb7 {[%clk 0:49:34]} 17...Ke7 {[%clk 0:35:32]} 18.Na5 {[%clk 0:45:49]}
18...Kf6 {[%clk 0:32:38]} 19.Rfe1 {[%clk 0:41:51]} 19...Nb6 {[%clk 0:29:39]}
20.Re2 {[%clk 0:24:59]} 20...Rfc8 {[%clk 0:22:08]} 21.Rae1 {[%clk 0:24:42]}
21...Nd7 {[%clk 0:21:57]} 22.f4 {[%clk 0:19:34]} 22...exf4 {[%clk 0:20:23]}
23.Rxe6+ {[%clk 0:19:59]} 23...Kg5 {[%clk 0:20:44]} 24.Nxc6 {[%clk 0:20:00]}
24...a5 {[%clk 0:17:13]} 25.Rd6 {[%clk 0:16:13]} 25...Ra6 {[%clk 0:12:00]}
26.Rd5+ {[%clk 0:12:49]} 26...Kg4 {[%clk 0:10:21]} 27.h3+ {[%clk 0:12:07]}
27...Kg3 {[%clk 0:08:30]} 28.Nd4 Nf6 {[%clk 0:08:19]} 29.Rg5+ {[%clk 0:12:39]}
29...Kh4 {[%clk 0:08:42]} 30.Nf3# 1-0

[Event "Najdorf Memorial"]
[Site "Warsaw POL"]
[Date "2021.07.17"]
[Round "8.1"]
[White "Tomczak, Jacek"]
[Black "Noe, Christopher"]
[Result "1-0"]
[BlackElo "2527"]
[WhiteElo "2603"]
[LiveChessVersion "1.4.8"]

1. e4 {[%clk 1:30:57]} c6 {[%clk 1:30:51]} 2. d4 {[%clk 1:31:11]} d5
{[%clk 1:31:14]} 3. f3 {[%clk 1:31:28]} e6 {[%clk 1:31:23]} 4. Nc3
{[%clk 1:31:37]} Nf6 {[%clk 1:30:31]} 5. e5 {[%clk 1:31:56]} Nfd7
{[%clk 1:30:55]} 6. f4 {[%clk 1:32:15]} c5 {[%clk 1:30:17]} 7. Nf3
{[%clk 1:32:36]} Nc6 {[%clk 1:29:51]} 8. Be3 {[%clk 1:32:57]} Be7
{[%clk 1:26:14]} 9. a3 {[%clk 1:24:22]} O-O {[%clk 1:18:01]} 10. dxc5
{[%clk 1:24:34]} Bxc5 {[%clk 1:08:41]} 11. Bxc5 {[%clk 1:24:47]} Nxc5
{[%clk 1:09:06]} 12. b4 {[%clk 1:25:06]} Nd7 {[%clk 1:07:32]} 13. Bd3
{[%clk 1:24:44]} f6 {[%clk 1:02:34]} 14. O-O {[%clk 1:20:55]} fxe5
{[%clk 0:49:39]} 15. Bxh7+ {[%clk 1:20:57]} Kxh7 {[%clk 0:50:04]} 16. Ng5+
{[%clk 1:21:24]} Kg8 {[%clk 0:50:13]} 17. Nxe6 {[%clk 1:21:50]} Qh4
{[%clk 0:35:45]} 18. Nxf8 {[%clk 1:05:43]} Nxf8 {[%clk 0:36:09]} 19. Qxd5+
{[%clk 1:05:50]} Be6 {[%clk 0:35:49]} 20. Qe4 {[%clk 1:06:09]} Nd7
{[%clk 0:29:18]} 21. f5 {[%clk 0:46:36]} Qxe4 {[%clk 0:29:43]} 22. Nxe4
{[%clk 0:47:03]} Bd5 {[%clk 0:28:19]} 23. Nd6 {[%clk 0:46:02]} Nb6
{[%clk 0:28:28]} 24. Rad1 {[%clk 0:37:23]} Rf8 {[%clk 0:22:00]} 25. c3
{[%clk 0:29:42]} Rf6 {[%clk 0:17:03]} 26. Ne8 {[%clk 0:30:00]} Rf8
{[%clk 0:14:26]} 27. Nd6 {[%clk 0:30:21]} Rf6 {[%clk 0:14:52]} 28. Nxb7
{[%clk 0:20:45]} Nxb4 {[%clk 0:15:03]} 29. axb4 {[%clk 0:21:10]} Bxb7
{[%clk 0:15:27]} 30. Rd8+ {[%clk 0:21:34]} Rf8 {[%clk 0:04:40]} 31. Rfd1
{[%clk 0:19:47]} Be4 {[%clk 0:05:05]} 32. Rxf8+ {[%clk 0:19:38]} Kxf8
{[%clk 0:05:32]} 33. Re1 {[%clk 0:19:48]} Bd5 {[%clk 0:02:34]} 34. Rxe5
{[%clk 0:20:13]} Kf7 {[%clk 0:03:01]} 35. g4 {[%clk 0:20:16]} Kf6
{[%clk 0:03:14]} 36. Re8 {[%clk 0:20:24]} Bf7 {[%clk 0:01:46]} 37. Rb8
{[%clk 0:17:33]} Nd5 {[%clk 0:01:03]} 38. c4 {[%clk 0:16:58]} Ne3
{[%clk 0:00:36]} 39. c5 {[%clk 0:17:23]} Bd5 {[%clk 0:00:46]} 40. b5
{[%clk 0:46:41]} 1-0